00329nam a2200121Ia 4500008004100000041000800041082001600049100002000065245004500085260003600130300003000166365001100196240624s9999 xx 000 0 und d aeng a303.482 SIR aSIRKIN HAROLD L aGLOBALITY COMPETING WITH EVERYONE FROM E c2009aNew DelhibHachette India aix, : 292 : p. : cm. ; 19 cRSb20